000 00445nam a22001697a 4500
003 LK-CoMWRAF
005 20240701125828.0
008 240701b1982 |||||||| |||| 00| 0 eng d
020 _a0553231979
040 _aLK-CoMWRAF
_dLK-CoMWRAF
_eLK-CoMWRAF
041 _aeng
100 _aKollar, Alice
245 _aAn unknown woman:
_ba journey to self-discovery
260 _aToronto:
_bBantam Books,
_c1982
300 _a258 p.; 18 cm
942 _cBK
999 _c4953
_d4953